Estatísticas para Países por Receita de Ligas Esportivas

Clique aqui para jogar o quiz

Estatísticas Gerais

  • Esse quiz foi jogado 5 206 vezes
  • A pontuação média é 15 de 18

Estatísticas das Respostas

Bilhão de US$País% Correto
0.958Brasil
99%
2.67Espanha
97%
31.4Estados Unidos
97%
4.19Alemanha
95%
7.05Reino Unido
95%
0.338Argentina
94%
2.04França
94%
2.19Itália
93%
0.389China
92%
2.08Japão
89%
0.803Rússia
89%
0.604México
86%
1.65Canadá
82%
0.624Austrália
75%
0.536Países Baixos
71%
0.459Índia
66%
1.07Coreia do Sul
64%
0.303Bélgica
63%

Distribuição das Pontuações

Percentil de Números Respondidos

Porcentagem de Pessoas com Cada Pontuação

Sua Pontuação Histórica

Você não jogou esse quiz